000
00303nam a2200157Ia 4500
100
_a
Robin Sharma
650
_a
Ficiton
942
_c
BK
366
_f
20
245
_a
Greatness Guide 2
260
_b
Jaico
_c
2008
082
_a
303.34/ROB
_b
ROB
300
_a
203
546
_a
ENGLISH
999
_c
23579
_d
23579